| 000 | 00956nam a2200253Ia 4500 | ||
|---|---|---|---|
| 003 | OSt | ||
| 005 | 20221002044742.0 | ||
| 006 | a|||||r|||| 00| 0 | ||
| 007 | ta | ||
| 008 | 220930b |||||||| |||| 00| 0 hin d | ||
| 020 |
_a8189755099 (hbk) _c550 |
||
| 024 | _a122128 | ||
| 037 |
_b13336, 23/07/2012, Kitab Ghar _cReference Collections |
||
| 040 |
_aCRL _cCRL _bhin |
||
| 041 |
_2hin _ahin |
||
| 082 | _aP152:4k, [Q2](RR) | ||
| 100 | _aदीक्षित, कृष्णकांत, संपा. | ||
| 245 | 0 | _aमानक विशाल हिन्दी शब्दकोश | |
| 260 |
_aनई _bदिल्ली कमल प्रकाशन _c2012 |
||
| 300 |
_a1280पृ0 _ccm. |
||
| 650 | _aहिन्दी भाषा | ||
| 942 |
_hP152:4k, [Q2](RR) _cref _2CC |
||
| 999 |
_c911044 _d911044 |
||